00504nam a2200157 a 450000100100000000500170001000800410002704000250006808200100009310000280010324501090013126000260024030000200026650000210028650000390030700000431420200929151426.0090721s1988 dr 001 spa d aDO-SdBNPbspacBNPHU aL951u1 aLugo-López, Miguel A.10aUnas consideraciones en torno a la experiencia del descanso en el espíritu. /cMiguel A. Lugo-López. aSanto Domingo,c1988. a58 p. ;c21 cm. aIncluyeíindice aIncluye referencia bibliográfica